| 000 | 00497nam a2200181Ia 4500 | ||
|---|---|---|---|
| 003 | GCL | ||
| 008 | 140319s9999 xx 000 0 eng d | ||
| 040 |
_aGCL / _cGCL |
||
| 082 | 0 | 4 |
_a751.22 _bC I |
| 100 | 1 | _aCARR, DAVID | |
| 245 | 1 | 0 |
_aAN INTRODUCTION TO PAINTING THE NUDE: ANATOMY. FORM. COMPOSITION. TONE. STRUCTURE. COLOUR / _cCARR, DAVID |
| 260 |
_a[S.N] : _bTHE APPLE PRESS ، _c1993 |
||
| 300 | _a128 P | ||
| 650 | 0 | 4 | _aARTS |
| 650 | 0 | 4 | _aCOLOUR |
| 650 | 0 | 4 | _aPAINTING |
| 942 |
_2ddc _cBK |
||
| 999 |
_c19008 _d19008 |
||